[Event "DVM U20w 2021"]
[Site "Kiel GER"]
[Date "2022.07.23"]
[Round "2"]
[White "Browning, Rebecca"]
[Black "Falke, Ornella"]
[Result "1/2-1/2"]
[Termination "normal"]
[Board "4.1"]
[WhiteElo "1938"]
[BlackElo "1912"]
[WhiteClock "00:44:50"]
[BlackClock "00:09:58"]
[WhiteTeam "SK Nordhorn-Blanke"]
[BlackTeam "Elmshorner SC von 1896"]
[PlyCount "66"]
[WhiteFideId "12984027"]
[BlackFideId "16207092"]
[EventCountry "GER"]
[EventRounds "7"]
[EventType "team-swiss"]
[EventDate "2022.07.22"]

1. e4 {[%clk 01:30:55]} {[%emt 00:00:04]} c5 {[%clk 01:30:53]} {[%emt
00:00:07]} 2. c3 {[%clk 01:31:21]} {[%emt 00:00:05]} Nf6 {[%clk 01:31:14]}
{[%emt 00:00:08]} 3. e5 {[%clk 01:31:47]} {[%emt 00:00:04]} Nd5 {[%clk
01:31:34]} {[%emt 00:00:10]} 4. d4 {[%clk 01:32:10]} {[%emt 00:00:06]} cxd4
{[%clk 01:31:37]} {[%emt 00:00:27]} 5. cxd4 {[%clk 01:32:36]} {[%emt 00:00:05]}
d6 {[%clk 01:30:55]} {[%emt 00:01:11]} 6. exd6 {[%clk 01:32:56]} {[%emt
00:00:11]} e6 {[%clk 01:28:47]} {[%emt 00:02:39]} 7. Nf3 {[%clk 01:30:18]}
{[%emt 00:03:07]} Bxd6 {[%clk 01:29:04]} {[%emt 00:00:14]} 8. Nc3 {[%clk
01:30:17]} {[%emt 00:00:30]} O-O {[%clk 01:28:06]} {[%emt 00:01:27]} 9. Bd3
{[%clk 01:29:48]} {[%emt 00:00:59]} Nc6 {[%clk 01:22:22]} {[%emt 00:06:14]} 10.
O-O {[%clk 01:29:27]} {[%emt 00:00:51]} h6 {[%clk 01:12:16]} {[%emt 00:10:36]}
11. Bb1 {[%clk 01:25:35]} {[%emt 00:04:21]} Nf6 {[%clk 01:08:03]} {[%emt
00:04:44]} 12. a3 {[%clk 01:25:20]} {[%emt 00:00:44]} Ne7 {[%clk 01:05:46]}
{[%emt 00:02:48]} 13. Qc2 {[%clk 01:22:41]} {[%emt 00:03:08]} b6 {[%clk
01:01:06]} {[%emt 00:05:10]} 14. Ne4 {[%clk 01:22:27]} {[%emt 00:00:43]} Ned5
{[%clk 01:01:13]} {[%emt 00:00:24]} 15. Qc6 {[%clk 01:21:36]} {[%emt 00:01:20]}
Nxe4 {[%clk 00:51:31]} {[%emt 00:10:13]} 16. Qxa8 {[%clk 01:18:01]} {[%emt
00:04:04]} Qd7 {[%clk 00:50:24]} {[%emt 00:01:39]} 17. Bxe4 {[%clk 01:17:55]}
{[%emt 00:00:35]} Ba6 {[%clk 00:50:38]} {[%emt 00:00:16]} 18. Qxf8+ {[%clk
01:16:20]} {[%emt 00:02:05]} Kxf8 {[%clk 00:50:50]} {[%emt 00:00:18]} 19. Rd1
{[%clk 01:15:51]} {[%emt 00:00:57]} Qa4 {[%clk 00:49:09]} {[%emt 00:02:11]} 20.
Bd2 {[%clk 01:14:36]} {[%emt 00:01:44]} Nf6 {[%clk 00:45:24]} {[%emt 00:04:16]}
21. Re1 {[%clk 01:09:37]} {[%emt 00:05:29]} Nxe4 {[%clk 00:43:51]} {[%emt
00:02:03]} 22. Rxe4 {[%clk 01:09:59]} {[%emt 00:00:08]} Qc2 {[%clk 00:43:31]}
{[%emt 00:00:50]} 23. Ree1 {[%clk 01:10:11]} {[%emt 00:00:17]} Qxb2 {[%clk
00:42:30]} {[%emt 00:01:32]} 24. Bb4 {[%clk 01:03:45]} {[%emt 00:06:56]} Bxb4
{[%clk 00:36:34]} {[%emt 00:06:27]} 25. axb4 {[%clk 00:59:33]} {[%emt
00:04:42]} Bb7 {[%clk 00:35:16]} {[%emt 00:01:48]} 26. Reb1 {[%clk 00:52:40]}
{[%emt 00:07:22]} Qc3 {[%clk 00:30:32]} {[%emt 00:05:16]} 27. Rxa7 {[%clk
00:47:46]} {[%emt 00:05:23]} Bxf3 {[%clk 00:26:45]} {[%emt 00:04:17]} 28. gxf3
{[%clk 00:48:09]} {[%emt 00:00:08]} g5 {[%clk 00:20:27]} {[%emt 00:06:48]} 29.
Kg2 {[%clk 00:48:17]} {[%emt 00:00:21]} Qxd4 {[%clk 00:20:25]} {[%emt
00:00:34]} 30. h3 {[%clk 00:48:05]} {[%emt 00:00:41]} Kg7 {[%clk 00:19:35]}
{[%emt 00:01:20]} 31. Re1 {[%clk 00:46:15]} {[%emt 00:02:20]} b5 {[%clk
00:14:44]} {[%emt 00:05:21]} 32. Rc7 {[%clk 00:46:05]} {[%emt 00:00:38]} Qxb4
{[%clk 00:12:01]} {[%emt 00:03:15]} 33. Rxe6 {[%clk 00:44:50]} {[%emt
00:01:45]} Qf4 {[%clk 00:09:58]} {[%emt 00:02:33]} 1/2-1/2

[Event "DVM U20w 2021"]
[Site "Kiel GER"]
[Date "2022.07.24"]
[Round "3"]
[White "Peglau, Dora"]
[Black "Hrebenshchykova, Yelyzaveta"]
[Result "0-1"]
[Termination "normal"]
[Board "1.1"]
[WhiteElo "1920"]
[BlackElo "2088"]
[WhiteClock "00:02:05"]
[BlackClock "00:10:39"]
[WhiteTeam "Schachzentrum Seeblick e. V."]
[BlackTeam "SC Noris-Tarrasch Nürnberg 1873 e.V."]
[PlyCount "142"]
[WhiteFideId "16220005"]
[BlackFideId "14159899"]
[EventCountry "GER"]
[EventRounds "7"]
[EventType "team-swiss"]
[EventDate "2022.07.22"]

1. c4 {[%clk 01:30:57]} {[%emt 00:00:02]} Nf6 {[%clk 01:30:49]} {[%emt
00:00:12]} 2. Nc3 {[%clk 01:31:13]} {[%emt 00:00:14]} c5 {[%clk 01:27:02]}
{[%emt 00:04:17]} 3. g3 {[%clk 01:31:15]} {[%emt 00:00:28]} d5 {[%clk
01:26:56]} {[%emt 00:00:36]} 4. cxd5 {[%clk 01:30:12]} {[%emt 00:01:33]} Nxd5
{[%clk 01:27:22]} {[%emt 00:00:04]} 5. Bg2 {[%clk 01:29:25]} {[%emt 00:01:17]}
Nc7 {[%clk 01:27:38]} {[%emt 00:00:14]} 6. d3 {[%clk 01:26:18]} {[%emt
00:03:37]} e5 {[%clk 01:26:29]} {[%emt 00:01:39]} 7. Be3 {[%clk 01:24:36]}
{[%emt 00:02:13]} Be7 {[%clk 01:11:34]} {[%emt 00:15:24]} 8. Rc1 {[%clk
01:21:15]} {[%emt 00:03:50]} Nd7 {[%clk 01:05:39]} {[%emt 00:06:25]} 9. Nf3
{[%clk 01:17:36]} {[%emt 00:04:10]} O-O {[%clk 01:04:26]} {[%emt 00:01:42]} 10.
O-O {[%clk 01:16:47]} {[%emt 00:01:21]} Rb8 {[%clk 00:59:01]} {[%emt 00:05:54]}
11. Qd2 {[%clk 01:11:08]} {[%emt 00:06:09]} b6 {[%clk 00:55:54]} {[%emt
00:03:36]} 12. a3 {[%clk 01:03:23]} {[%emt 00:08:16]} Bb7 {[%clk 00:50:21]}
{[%emt 00:06:03]} 13. Rb1 {[%clk 00:53:45]} {[%emt 00:10:08]} a5 {[%clk
00:44:03]} {[%emt 00:06:48]} 14. Rfc1 {[%clk 00:48:37]} {[%emt 00:05:38]} Ne6
{[%clk 00:40:15]} {[%emt 00:04:18]} 15. Ne1 {[%clk 00:43:12]} {[%emt 00:05:55]}
Nd4 {[%clk 00:35:14]} {[%emt 00:05:31]} 16. Bxd4 {[%clk 00:40:16]} {[%emt
00:03:27]} exd4 {[%clk 00:35:07]} {[%emt 00:00:36]} 17. Nd5 {[%clk 00:36:48]}
{[%emt 00:03:57]} Bg5 {[%clk 00:33:11]} {[%emt 00:02:27]} 18. Nf4 {[%clk
00:35:22]} {[%emt 00:01:56]} Re8 {[%clk 00:31:14]} {[%emt 00:02:27]} 19. Bxb7
{[%clk 00:34:19]} {[%emt 00:01:33]} Rxb7 {[%clk 00:31:38]} {[%emt 00:00:06]}
20. Neg2 {[%clk 00:34:32]} {[%emt 00:00:17]} Ne5 {[%clk 00:25:42]} {[%emt
00:06:26]} 21. b4 {[%clk 00:28:57]} {[%emt 00:06:05]} cxb4 {[%clk 00:25:50]}
{[%emt 00:00:22]} 22. axb4 {[%clk 00:29:20]} {[%emt 00:00:07]} a4 {[%clk
00:26:17]} {[%emt 00:00:03]} 23. b5 {[%clk 00:29:00]} {[%emt 00:00:51]} Be7
{[%clk 00:25:44]} {[%emt 00:01:02]} 24. Qa2 {[%clk 00:26:23]} {[%emt 00:03:07]}
a3 {[%clk 00:22:58]} {[%emt 00:03:16]} 25. Nd5 {[%clk 00:25:35]} {[%emt
00:01:18]} Bf8 {[%clk 00:23:02]} {[%emt 00:00:26]} 26. Nb4 {[%clk 00:24:48]}
{[%emt 00:01:17]} Qd7 {[%clk 00:23:18]} {[%emt 00:00:14]} 27. Qxa3 {[%clk
00:22:50]} {[%emt 00:02:29]} Qxb5 {[%clk 00:23:27]} {[%emt 00:00:19]} 28. Qa2
{[%clk 00:22:08]} {[%emt 00:01:13]} Bxb4 {[%clk 00:18:34]} {[%emt 00:05:23]}
29. Qb2 {[%clk 00:21:27]} {[%emt 00:01:11]} Nc6 {[%clk 00:18:49]} {[%emt
00:00:15]} 30. Rc4 {[%clk 00:20:37]} {[%emt 00:01:20]} Qd5 {[%clk 00:17:26]}
{[%emt 00:01:53]} 31. Nf4 {[%clk 00:20:43]} {[%emt 00:00:24]} Qd7 {[%clk
00:16:26]} {[%emt 00:01:30]} 32. Rxb4 {[%clk 00:19:39]} {[%emt 00:01:34]} Nxb4
{[%clk 00:16:52]} {[%emt 00:00:05]} 33. Qxb4 {[%emt 00:00:12]} b5 {[%clk
00:15:07]} {[%emt 00:02:13]} 34. h4 {[%clk 00:19:04]} {[%emt 00:01:25]} h6
{[%clk 00:14:50]} {[%emt 00:00:46]} 35. Qc5 {[%clk 00:16:46]} {[%emt 00:02:48]}
Rc8 {[%clk 00:14:59]} {[%emt 00:00:20]} 36. Qd5 {[%clk 00:16:40]} {[%emt
00:00:35]} Qxd5 {[%clk 00:12:43]} {[%emt 00:02:46]} 37. Nxd5 {[%clk 00:17:04]}
{[%emt 00:00:07]} Ra8 {[%clk 00:12:45]} {[%emt 00:00:28]} 38. Kf1 {[%clk
00:15:39]} {[%emt 00:01:55]} Ra4 {[%clk 00:12:39]} {[%emt 00:00:35]} 39. Nb4
{[%clk 00:15:13]} {[%emt 00:00:57]} Kf8 {[%clk 00:11:01]} {[%emt 00:02:09]} 40.
e3 {[%clk 00:14:12]} {[%emt 00:01:30]} dxe3 {[%clk 00:09:36]} {[%emt 00:01:55]}
41. fxe3 {[%clk 00:14:20]} {[%emt 00:00:22]} f5 {[%clk 00:06:21]} {[%emt
00:03:45]} 42. Ke2 {[%clk 00:11:58]} {[%emt 00:02:52]} Ke8 {[%clk 00:30:18]}
{[%emt 00:06:33]} 43. Kf3 {[%emt 00:07:31]} Rd7 {[%clk 00:26:07]} 44. Rb3
{[%clk 00:35:59]} {[%emt 00:04:07]} g6 {[%clk 00:22:49]} {[%emt 00:03:48]} 45.
Nc2 {[%clk 00:27:31]} {[%emt 00:08:59]} Rb7 {[%clk 00:21:39]} {[%emt 00:01:40]}
46. Nb4 {[%clk 00:27:48]} {[%emt 00:00:13]} Kd7 {[%clk 00:20:28]} {[%emt
00:01:40]} 47. d4 {[%clk 00:22:34]} {[%emt 00:05:46]} Kd6 {[%clk 00:19:44]}
{[%emt 00:01:14]} 48. Nd3 {[%clk 00:19:01]} {[%emt 00:04:03]} Rb6 {[%clk
00:18:23]} {[%emt 00:01:50]} 49. Nb2 {[%clk 00:18:01]} {[%emt 00:01:31]} Raa6
{[%clk 00:18:09]} {[%emt 00:00:44]} 50. e4 {[%clk 00:17:36]} {[%emt 00:00:55]}
fxe4+ {[%clk 00:16:02]} {[%emt 00:02:37]} 51. Kxe4 {[%clk 00:18:05]} {[%emt
00:00:01]} Ke7 {[%clk 00:16:14]} {[%emt 00:00:18]} 52. Nd3 {[%clk 00:17:10]}
{[%emt 00:01:26]} Ra4 {[%clk 00:15:25]} {[%emt 00:01:18]} 53. Nb4 {[%clk
00:14:18]} {[%emt 00:03:22]} Kd6 {[%clk 00:13:48]} {[%emt 00:02:08]} 54. Nd5
{[%clk 00:13:10]} {[%emt 00:01:38]} Rb8 {[%clk 00:14:10]} {[%emt 00:00:07]} 55.
Nc3 {[%clk 00:12:40]} {[%emt 00:01:01]} Ra5 {[%clk 00:14:33]} {[%emt 00:00:07]}
56. Rb4 {[%clk 00:11:24]} {[%emt 00:01:46]} Re8+ {[%clk 00:14:20]} {[%emt
00:00:43]} 57. Kd3 {[%clk 00:11:46]} {[%emt 00:00:08]} Kc6 {[%clk 00:14:13]}
{[%emt 00:00:36]} 58. Rb1 {[%clk 00:11:31]} {[%emt 00:00:45]} Rf8 {[%clk
00:13:14]} {[%emt 00:01:29]} 59. Ke2 {[%clk 00:10:51]} {[%emt 00:01:10]} Ra3
{[%clk 00:10:07]} {[%emt 00:03:36]} 60. Rc1 {[%clk 00:08:54]} {[%emt 00:02:28]}
b4 {[%clk 00:09:00]} {[%emt 00:01:37]} 61. Nb1+ {[%clk 00:08:39]} {[%emt
00:00:45]} Kb5 {[%clk 00:09:23]} {[%emt 00:00:07]} 62. Nxa3+ {[%clk 00:08:32]}
{[%emt 00:00:37]} bxa3 {[%clk 00:09:49]} {[%emt 00:00:04]} 63. Ke3 {[%clk
00:05:19]} {[%emt 00:03:44]} a2 {[%clk 00:10:02]} {[%emt 00:00:16]} 64. Ra1
{[%clk 00:03:10]} {[%emt 00:02:38]} Ra8 {[%clk 00:10:26]} {[%emt 00:00:05]} 65.
d5 {[%clk 00:03:33]} {[%emt 00:00:08]} Kc5 {[%clk 00:08:56]} {[%emt 00:01:59]}
66. Ke4 {[%clk 00:03:52]} {[%emt 00:00:11]} Kd6 {[%clk 00:09:21]} {[%emt
00:00:04]} 67. Kd4 {[%clk 00:01:17]} {[%emt 00:03:05]} Ra4+ {[%clk 00:09:34]}
{[%emt 00:00:17]} 68. Kd3 {[%clk 00:01:16]} {[%emt 00:00:30]} Kxd5 {[%clk
00:09:57]} {[%emt 00:00:09]} 69. Ke3 {[%clk 00:01:34]} {[%emt 00:00:12]} Kc4
{[%clk 00:10:10]} {[%emt 00:00:17]} 70. Ke4 {[%clk 00:01:43]} {[%emt 00:00:20]}
Kb3+ {[%clk 00:10:31]} {[%emt 00:00:09]} 71. Ke5 {[%clk 00:02:05]} {[%emt
00:00:09]} Kb2 {[%clk 00:10:39]} {[%emt 00:00:21]} 0-1

[Event "DVM U20w 2021"]
[Site "Kiel GER"]
[Date "2022.07.24"]
[Round "3"]
[White "Rudolph, Eva"]
[Black "Basovskiy, Jana"]
[Result "0-1"]
[Termination "normal"]
[Board "2.2"]
[WhiteElo "1892"]
[BlackElo "1867"]
[WhiteClock "00:03:18"]
[BlackClock "00:45:11"]
[WhiteTeam "Schachgesellschaft Solingen e. V."]
[BlackTeam "Karlsruher SF 1853"]
[PlyCount "58"]
[WhiteFideId "16200594"]
[BlackFideId "16208617"]
[EventCountry "GER"]
[EventRounds "7"]
[EventType "team-swiss"]
[EventDate "2022.07.22"]

1. e4 {[%clk 01:30:58]} {[%emt 00:00:02]} c5 {[%clk 01:30:56]} {[%emt
00:00:05]} 2. Nf3 {[%clk 01:31:21]} {[%emt 00:00:06]} Nc6 {[%clk 01:31:22]}
{[%emt 00:00:04]} 3. d4 {[%clk 01:31:46]} {[%emt 00:00:06]} cxd4 {[%clk
01:31:48]} {[%emt 00:00:04]} 4. Nxd4 {[%clk 01:32:09]} {[%emt 00:00:06]} e5
{[%clk 01:32:12]} {[%emt 00:00:06]} 5. Nb5 {[%clk 01:32:18]} {[%emt 00:00:21]}
a6 {[%clk 01:32:35]} {[%emt 00:00:07]} 6. Nd6+ {[%clk 01:32:24]} {[%emt
00:00:24]} Bxd6 {[%clk 01:32:58]} {[%emt 00:00:07]} 7. Qxd6 {[%clk 01:32:44]}
{[%emt 00:00:10]} Qf6 {[%clk 01:33:23]} {[%emt 00:00:14]} 8. Qd1 {[%clk
01:28:57]} {[%emt 00:04:07]} Qg6 {[%clk 01:33:42]} {[%emt 00:00:10]} 9. Nc3
{[%emt 00:06:08]} d5 {[%clk 01:34:04]} 10. Nxd5 {[%clk 01:10:52]} {[%emt
00:13:06]} Qxe4+ {[%clk 01:34:28]} {[%emt 00:00:07]} 11. Be3 {[%clk 00:51:50]}
{[%emt 00:19:31]} Nd4 {[%clk 01:34:44]} {[%emt 00:00:14]} 12. Nc7+ {[%clk
00:48:22]} {[%emt 00:03:59]} Ke7 {[%clk 01:35:10]} {[%emt 00:00:04]} 13. Nxa8
{[%clk 00:45:22]} {[%emt 00:02:28]} Nxc2+ {[%clk 01:35:31]} 14. Kd2 {[%clk
00:45:27]} {[%emt 00:01:33]} Nxe3 {[%clk 01:34:27]} {[%emt 00:01:34]} 15. fxe3
{[%clk 00:45:11]} {[%emt 00:00:47]} Nf6 {[%clk 01:34:51]} {[%emt 00:00:06]} 16.
Bd3 {[%clk 00:38:40]} {[%emt 00:06:56]} Rd8 {[%clk 01:33:17]} {[%emt 00:02:07]}
17. Kc2 {[%clk 00:27:50]} {[%emt 00:11:20]} Qxg2+ {[%clk 01:31:22]} {[%emt
00:02:26]} 18. Qe2 {[%clk 00:25:50]} {[%emt 00:02:30]} Qc6+ {[%clk 01:31:34]}
{[%emt 00:00:17]} 19. Kb3 {[%clk 00:20:13]} {[%emt 00:06:08]} Be6+ {[%clk
01:31:34]} {[%emt 00:00:31]} 20. Bc4 {[%clk 00:20:01]} {[%emt 00:00:41]} Qb5+
{[%clk 01:25:13]} {[%emt 00:06:49]} 21. Ka3 {[%clk 00:13:13]} {[%emt 00:07:20]}
Qa5+ {[%clk 01:12:47]} {[%emt 00:12:53]} 22. Kb3 {[%clk 00:13:21]} {[%emt
00:00:25]} b5 {[%clk 01:12:41]} {[%emt 00:00:37]} 23. Kc2 {[%clk 00:07:12]}
{[%emt 00:06:39]} Bxc4 {[%clk 01:13:04]} {[%emt 00:00:08]} 24. Qe1 {[%clk
00:06:22]} {[%emt 00:01:18]} Bd3+ {[%clk 01:12:57]} {[%emt 00:00:38]} 25. Kd1
{[%clk 00:04:13]} {[%emt 00:02:38]} Qa4+ {[%clk 01:12:02]} {[%emt 00:01:23]}
26. b3 {[%clk 00:04:03]} {[%emt 00:00:44]} Qg4+ {[%clk 01:12:24]} {[%emt
00:00:07]} 27. Kc1 {[%clk 00:04:01]} {[%emt 00:00:32]} b4 {[%clk 00:49:29]}
{[%emt 00:23:26]} 28. Nb6 {[%clk 00:02:56]} {[%emt 00:01:35]} Rc8+ {[%clk
00:44:46]} {[%emt 00:05:12]} 29. Nxc8+ {[%clk 00:03:18]} {[%emt 00:00:08]}
Qxc8+ {[%clk 00:45:11]} {[%emt 00:00:05]} 0-1

[Event "DVM U20w 2021"]
[Site "Kiel GER"]
[Date "2022.07.24"]
[Round "3"]
[White "Hoffmann, Sophia"]
[Black "Sereda, Yaroslava"]
[Result "0-1"]
[Termination "normal"]
[Board "2.3"]
[WhiteElo "1214"]
[BlackElo "1781"]
[WhiteClock "00:00:40"]
[BlackClock "00:01:17"]
[WhiteTeam "Karlsruher SF 1853"]
[BlackTeam "Schachgesellschaft Solingen e. V."]
[PlyCount "78"]
[WhiteFideId "16259130"]
[BlackFideId "14178940"]
[EventCountry "GER"]
[EventRounds "7"]
[EventType "team-swiss"]
[EventDate "2022.07.22"]

1. d4 {[%clk 01:30:57]} {[%emt 00:00:02]} d5 {[%clk 01:30:50]} {[%emt
00:00:11]} 2. Bf4 {[%clk 01:31:16]} {[%emt 00:00:11]} Nf6 {[%clk 01:31:04]}
{[%emt 00:00:17]} 3. Nf3 {[%clk 01:31:35]} {[%emt 00:00:10]} e6 {[%clk
01:31:20]} {[%emt 00:00:14]} 4. e3 {[%clk 01:31:55]} {[%emt 00:00:10]} Bd6
{[%clk 01:31:03]} {[%emt 00:00:47]} 5. Bg3 {[%clk 01:31:43]} {[%emt 00:00:42]}
O-O {[%clk 01:29:04]} {[%emt 00:02:29]} 6. c4 {[%clk 01:31:37]} {[%emt
00:00:35]} c5 {[%clk 01:20:28]} {[%emt 00:09:06]} 7. Nc3 {[%clk 01:28:19]}
{[%emt 00:03:49]} cxd4 {[%clk 01:15:58]} {[%emt 00:05:00]} 8. exd4 {[%clk
01:26:08]} {[%emt 00:02:41]} Nc6 {[%clk 01:04:58]} {[%emt 00:11:30]} 9. c5
{[%clk 01:19:28]} {[%emt 00:07:10]} Bxg3 {[%clk 01:02:46]} {[%emt 00:02:42]}
10. hxg3 {[%clk 01:19:12]} {[%emt 00:00:46]} b6 {[%emt 00:04:42]} 11. Qc2
{[%clk 01:14:11]} {[%emt 00:02:52]} bxc5 {[%clk 00:59:55]} {[%emt 00:01:48]}
12. Bd3 {[%clk 01:02:11]} {[%emt 00:12:30]} g6 {[%clk 00:45:57]} {[%emt
00:14:28]} 13. dxc5 {[%clk 00:57:36]} {[%emt 00:05:06]} e5 {[%clk 00:40:53]}
{[%emt 00:05:33]} 14. Ng5 {[%clk 00:50:38]} {[%emt 00:07:29]} Nb4 {[%clk
00:27:50]} {[%emt 00:13:33]} 15. Qd2 {[%clk 00:47:48]} {[%emt 00:03:20]} Nxd3+
{[%clk 00:23:57]} {[%emt 00:04:23]} 16. Qxd3 {[%clk 00:47:55]} {[%emt
00:00:23]} Qa5 {[%clk 00:22:29]} {[%emt 00:01:57]} 17. O-O-O {[%clk 00:43:19]}
{[%emt 00:05:06]} Qxc5 {[%clk 00:18:23]} {[%emt 00:04:36]} 18. Qf3 {[%clk
00:30:35]} {[%emt 00:13:14]} Bf5 {[%clk 00:13:15]} {[%emt 00:05:38]} 19. g4
{[%clk 00:25:10]} {[%emt 00:05:55]} e4 {[%clk 00:06:30]} {[%emt 00:07:15]} 20.
Qh3 {[%clk 00:22:21]} {[%emt 00:03:20]} Bxg4 {[%clk 00:02:53]} {[%emt
00:04:07]} 21. Qh6 {[%clk 00:21:22]} {[%emt 00:01:29]} Rfd8 {[%clk 00:00:52]}
{[%emt 00:02:31]} 22. Nxh7 {[%clk 00:20:02]} {[%emt 00:01:50]} Qd6 {[%clk
00:00:37]} {[%emt 00:00:44]} 23. Ng5 {[%clk 00:16:58]} {[%emt 00:03:35]} Qf4+
{[%clk 00:00:47]} {[%emt 00:00:20]} 24. Kb1 {[%clk 00:16:25]} {[%emt 00:01:03]}
Bh5 {[%clk 00:00:43]} {[%emt 00:00:34]} 25. g3 {[%clk 00:09:18]} {[%emt
00:07:37]} Qf5 {[%clk 00:00:40]} {[%emt 00:00:33]} 26. Rdg1 {[%clk 00:09:00]}
{[%emt 00:00:48]} e3+ {[%clk 00:00:46]} {[%emt 00:00:24]} 27. Ka1 {[%clk
00:08:17]} {[%emt 00:01:14]} exf2 {[%clk 00:00:59]} {[%emt 00:00:17]} 28. Rf1
{[%clk 00:07:03]} {[%emt 00:01:44]} Re8 {[%clk 00:00:49]} {[%emt 00:00:39]} 29.
a3 {[%clk 00:04:27]} {[%emt 00:03:06]} Rab8 {[%clk 00:00:47]} {[%emt 00:00:33]}
30. Rb1 {[%clk 00:00:42]} {[%emt 00:04:14]} Re1 {[%clk 00:00:34]} {[%emt
00:00:43]} 31. Rbxe1 {[%clk 00:00:45]} fxe1=Q+ {[%clk 00:00:49]} {[%emt
00:00:43]} 32. Rxe1 {[%clk 00:01:07]} {[%emt 00:00:07]} Qf2 {[%clk 00:00:55]}
{[%emt 00:00:24]} 33. Rb1 {[%clk 00:01:10]} {[%emt 00:00:28]} Rd8 {[%clk
00:00:38]} {[%emt 00:00:46]} 34. Ka2 {[%clk 00:00:32]} {[%emt 00:01:08]} Qxg3
{[%clk 00:00:42]} {[%emt 00:00:26]} 35. Rf1 {[%clk 00:00:38]} {[%emt 00:00:24]}
Qe5 {[%clk 00:00:39]} {[%emt 00:00:34]} 36. Na4 {[%clk 00:00:32]} {[%emt
00:00:36]} d4 {[%clk 00:00:46]} {[%emt 00:00:23]} 37. Nf3 {[%clk 00:00:35]}
{[%emt 00:00:26]} Qd5+ {[%clk 00:00:47]} {[%emt 00:00:30]} 38. Ka1 {[%clk
00:00:35]} {[%emt 00:00:30]} Bxf3 {[%clk 00:01:05]} {[%emt 00:00:11]} 39. Qh3
{[%clk 00:00:40]} {[%emt 00:00:24]} Bg2 {[%clk 00:01:17]} {[%emt 00:00:20]} 0-1

[Event "DVM U20w 2021"]
[Site "Kiel GER"]
[Date "2022.07.24"]
[Round "3"]
[White "Falke, Ornella"]
[Black "Sickmann, Lisa"]
[Result "1/2-1/2"]
[Termination "normal"]
[Board "4.1"]
[WhiteElo "1912"]
[BlackElo "1672"]
[WhiteClock "00:06:14"]
[BlackClock "00:55:23"]
[WhiteTeam "Elmshorner SC von 1896"]
[BlackTeam "SK Doppelbauer Kiel"]
[PlyCount "67"]
[WhiteFideId "16207092"]
[BlackFideId "16267818"]
[EventCountry "GER"]
[EventRounds "7"]
[EventType "team-swiss"]
[EventDate "2022.07.22"]

1. d4 {[%clk 01:30:49]} {[%emt 00:00:10]} d5 {[%clk 01:30:52]} {[%emt
00:00:09]} 2. Bf4 {[%clk 01:30:11]} {[%emt 00:01:09]} c5 {[%clk 01:31:01]}
{[%emt 00:00:33]} 3. e3 {[%clk 01:29:46]} {[%emt 00:00:43]} Nc6 {[%clk
01:31:14]} {[%emt 00:00:17]} 4. Nf3 {[%clk 01:26:29]} {[%emt 00:03:47]} e6
{[%clk 01:30:17]} {[%emt 00:01:27]} 5. Be2 {[%clk 01:23:08]} {[%emt 00:03:51]}
Qb6 {[%clk 01:30:08]} {[%emt 00:00:38]} 6. Nc3 {[%clk 01:21:06]} {[%emt
00:02:32]} a6 {[%clk 01:29:28]} {[%emt 00:01:09]} 7. O-O {[%clk 01:12:57]}
{[%emt 00:08:40]} Nf6 {[%clk 01:27:34]} {[%emt 00:02:25]} 8. Na4 {[%clk
01:07:38]} {[%emt 00:05:49]} Qa5 {[%clk 01:26:39]} {[%emt 00:01:24]} 9. Nxc5
{[%clk 01:01:15]} {[%emt 00:06:53]} Bxc5 {[%clk 01:26:54]} {[%emt 00:00:14]}
10. dxc5 {[%clk 01:01:41]} {[%emt 00:00:05]} Qxc5 {[%clk 01:26:57]} {[%emt
00:00:26]} 11. c4 {[%clk 01:00:52]} {[%emt 00:01:19]} O-O {[%clk 01:26:19]}
{[%emt 00:01:08]} 12. a3 {[%clk 00:57:31]} {[%emt 00:03:51]} a5 {[%clk
01:24:52]} {[%emt 00:04:34]} 13. Rc1 {[%clk 00:55:00]} {[%emt 00:00:26]} Re8
{[%clk 01:20:56]} {[%emt 00:04:25]} 14. Ne5 {[%clk 00:52:52]} {[%emt 00:02:38]}
Ne7 {[%clk 01:07:21]} {[%emt 00:14:03]} 15. Bf3 {[%clk 00:47:24]} {[%emt
00:06:01]} Qb6 {[%clk 01:05:59]} {[%emt 00:01:52]} 16. Qe2 {[%clk 00:42:21]}
{[%emt 00:05:33]} Ng6 {[%clk 01:04:58]} {[%emt 00:01:31]} 17. Nxg6 {[%clk
00:40:10]} {[%emt 00:02:41]} hxg6 {[%clk 01:05:19]} {[%emt 00:00:09]} 18. Be5
{[%emt 00:01:24]} Qa6 {[%clk 01:03:50]} {[%emt 00:01:58]} 19. Rfd1 {[%clk
00:34:17]} {[%emt 00:05:30]} Nd7 {[%clk 01:00:07]} {[%emt 00:04:11]} 20. Bc7
{[%clk 00:31:23]} {[%emt 00:03:26]} Nf6 {[%clk 01:00:19]} {[%emt 00:00:18]} 21.
Qd2 {[%clk 00:26:45]} {[%emt 00:05:08]} dxc4 {[%clk 00:57:57]} {[%emt
00:02:53]} 22. Qc2 {[%clk 00:20:12]} {[%emt 00:07:03]} Bd7 {[%clk 00:57:04]}
{[%emt 00:01:22]} 23. Rd6 {[%clk 00:20:08]} {[%emt 00:00:35]} Bc6 {[%clk
00:55:11]} {[%emt 00:02:23]} 24. Bxc6 {[%clk 00:18:48]} {[%emt 00:01:51]} bxc6
{[%clk 00:55:32]} {[%emt 00:00:08]} 25. Qxc4 {[%clk 00:19:05]} {[%emt
00:00:13]} Qxc4 {[%clk 00:55:26]} {[%emt 00:00:36]} 26. Rxc4 {[%clk 00:19:30]}
{[%emt 00:00:05]} Ra6 {[%clk 00:55:32]} {[%emt 00:00:23]} 27. Rcxc6 {[%clk
00:19:10]} {[%emt 00:00:51]} Rxc6 {[%clk 00:55:57]} {[%emt 00:00:05]} 28. Rxc6
{[%clk 00:19:37]} {[%emt 00:00:02]} Rc8 {[%clk 00:56:10]} {[%emt 00:00:18]} 29.
Rc5 {[%clk 00:18:50]} {[%emt 00:01:17]} Ne4 {[%clk 00:55:49]} {[%emt 00:00:51]}
30. Rc4 {[%clk 00:06:39]} {[%emt 00:12:41]} Nd6 {[%clk 00:54:38]} {[%emt
00:01:41]} 31. Rc5 {[%clk 00:06:37]} {[%emt 00:00:32]} Ne4 {[%clk 00:54:46]}
{[%emt 00:00:21]} 32. Rc4 {[%clk 00:06:14]} {[%emt 00:00:53]} Nd6 {[%clk
00:55:10]} {[%emt 00:00:07]} 33. Rc5 {[%clk 00:06:40]} {[%emt 00:00:04]} Ne4
{[%clk 00:55:23]} {[%emt 00:00:16]} 34. Rc4 {[%clk 00:06:14]} {[%emt 00:00:07]}
1/2-1/2